| 000 | 00541nam a2200181Ia 4500 | ||
|---|---|---|---|
| 008 | 100917s9999 xx 000 0 und d | ||
| 082 | _b44841 | ||
| 100 | _aरांगणेकर कुमुदिनी | ||
| 245 | _aझटपट रंगारी | ||
| 260 |
_bनेत्रा प्रकाशन _c1980 |
||
| 300 | _a134 | ||
| 365 | _b12 | ||
| 520 | _aकादंबरी | ||
| 630 | _aझटपट रंगारी | ||
| 650 | _aकादंबरी | ||
| 730 | _aझटपट रंगारी | ||
| 942 | _cBOOK | ||
| 999 |
_c650235 _d650232 |
||